000 00331nam a22001457a 4500
003 SGT
020 _a938426659-0
082 _a615.6
_bRAJ
100 _aRAJINIKANTH, DR. P.S.
245 _aA TEXTBOOK OF NOVEL DRUG DELIVERY SYSTEM
260 _aINDIA
_bBIRLA PUB.
_c2025
300 _a316
650 _aDRUG
942 _2ddc
_cBK
999 _c32990
_d32990